Física 3º educación media: texto del estudiante

Gespeichert in:
Bibliographische Detailangaben
Hauptverfasser: Moncada Mijic, Felipe (autor), Valdés Arriagada, Pablo (VerfasserIn)
Körperschaft: Ministerio de Educación (VerfasserIn)
Format: Buch
Sprache:Spanisch
Veröffentlicht: Santiago Santillana del Pacífico 2012
Ausgabe:1a. ed
Schlagworte:
Tags: Tag hinzufügen
Keine Tags, Fügen Sie den ersten Tag hinzu!

MARC

LEADER 00000cam a2200000 a 4500
001 UCE6880
003 CL-VaPUC
008 150507e20120000cl |||||||||||||||||spa|d
020 |a 9789561519756 
082 0 4 |a 530.712  |b MON  |2 21 
100 |a Moncada Mijic, Felipe  |e autor  |9 595423 
700 0 |a Valdés Arriagada, Pablo  |e author  |9 579542 
110 2 |a Ministerio de Educación  |e author  |9 579543 
245 1 0 |a Física 3º educación media: texto del estudiante 
250 |a 1a. ed 
300 |a 224 p 
942 |c BK 
945 |d 20150507 00:22:00  |a arojas 
260 |a Santiago  |b Santillana del Pacífico  |c 2012 
500 |a Edición especial para el Ministerio de Educación 
650 0 |a enseñanza de la física   |9 339846 
650 0 |a Métodos de enseñanza  |9 270413 
650 0 |a Libros de texto  |9 270019 
583 |a last modification  |c 20150507 00:22:00  |k Rodrigo Vera 
999 |c 359059  |d 359057 
952 |0 0  |1 0  |3 erb  |4 0  |6 530_712000000000000_MON_2012  |7 0  |8 A  |9 468077  |a BIBEDU  |b BIBEDU  |i 5148731  |o 530.712 MON 2012  |p 5148731  |r 2019-11-23  |w 2019-11-23  |y BK  |z Catalogado en:20150507  |k EPE